000 00636cam0a220021700 4500
001 tmp15706998
003 UPRA
005 20190813125359.0
008 951009s1965 it ita u
035 _a(Sirsi) r77721
035 _a(UPRA)tmp15706998
040 _cUPRA
100 1 _aOlivo, Oliviero Mario.
_6A37612.1
245 1 0 _aAtlante di anatomia microscopica /
_c[by] O.M. Olivo [and] G. Toni ...
260 _aMilano :
_bVallardi,
_c[1965]
500 _aFirst published in 1953.
650 0 _aHistology.
_6S2176.1
700 1 _aToni, Giorgio.
_6A37613.1
949 _aQM557
_wLC
_i-106759
_mMAIN
_tBOOK
_lON-SHELF
004 77721
999 _c31027
_d31027